Kierunki w które można pojechać koleją z Jeleniej Góry - Statystyki

Ogólne statystyki
  • Ten quiz został rozwiązany 16 razy
  • Średni wynik to 6 z 13
Statystyki odpowiedzi
Kategoria pociagu/rodzaj Kierunek % Poprawnych
KD Wrocław Główny
80%
IC Gdynia Główna
53%
KD Karpacz
53%
PR Poznań Główny
53%
IC Warszawa Wschodnia
53%
IC Kraków Główny
47%
KD Gorlitz
40%
KD Świeradów Zdrój
40%
IC/PR/KD Szklarska Poręba Górna
40%
KD Wałbrzych Główny
40%
KD Kłodzko Miasto
33%
PR Zielona Góra Główna
33%
KD Gryfów Śląski
27%
Nie znaleziono quizów pasujących do podanych kryteriów
Rozkład punktacji
Procent ludzi z każdym wynikiem
Percentyl według liczby udzielonych odpowiedzi
Twoja historia wyników
Nie rozwiązałeś tego quizu